Catálogo de la Biblioteca Horacio González - Universidad Nacional de General Sarmiento

Matemática para el aprestamiento universitario (Registro nro. 50871)

Detalles MARC
000 -CABECERA
campo de control de longitud fija 01542nam a22003730a 4500
001 - NÚMERO DE CONTROL
campo de control PT41617
003 - IDENTIFICADOR DEL NÚMERO DE CONTROL
campo de control AR-LpoUNG
005 - FECHA Y HORA DE LA ÚLTIMA TRANSACCIÓN
campo de control 20260115154204.0
008 - DATOS DE LONGITUD FIJA--INFORMACIÓN GENERAL
campo de control de longitud fija 201001s2010||||ag |||||||||||||||||spa d
020 ## - NÚMERO INTERNACIONAL ESTÁNDAR DEL LIBRO
Número Internacional Estándar del Libro 9789876300698
Condiciones de disponibilidad $7.50
040 ## - FUENTE DE LA CATALOGACIÓN
Centro catalogador/agencia de origen AR-LpoUNG
Lengua de catalogación spa
Normas de descripción aacr
041 ## - CÓDIGO DE LENGUA
Código de lengua del texto/banda sonora o título independiente spa
044 ## - CÓDIGO DEL PAÍS DE LA ENTIDAD EDITORA/PRODUCTORA
Código MARC del país ag
082 0# - NÚMERO DE LA CLASIFICACIÓN DECIMAL DEWEY
Número de clasificación 510.071 1 289mat
100 1# - ENTRADA PRINCIPAL--NOMBRE DE PERSONA
Nombre de persona Carnelli, Gustavo
245 10 - MENCIÓN DE TÍTULO
Título Matemática para el aprestamiento universitario
250 ## - MENCIÓN DE EDICIÓN
Mención de edición 2da. ed.
260 ## - PUBLICACIÓN, DISTRIBUCIÓN, ETC.
Lugar de publicación, distribución, etc. Buenos Aires :
Nombre del editor, distribuidor, etc. Universidad Nacional de General Sarmiento,
Fecha de publicación, distribución, etc. 2010.
300 ## - DESCRIPCIÓN FÍSICA
Extensión 266 p. :
Otras características físicas tbls., gráfs.
490 0# - MENCIÓN DE SERIE
Mención de serie Textos básicos
505 0# - NOTA DE CONTENIDO CON FORMATO
Nota de contenido con formato Material preparado con fines de estudio o recreación, para uso exclusivo y personal de usuarios no videntes, o con otras discapacidades perceptivas.
520 ## - SUMARIO, ETC.
Sumario, etc. Pensado como material para el Curso de Aprestamiento Universitario de la UNGS, separado en tres módulos: contenidos del nivel medio, problemas para contextualizar conocimientos relativos a funciones numéricas elementales y funciones elementales polinómicas, racionales, exponenciales, logarítmicas y trigonométricas, representadas a través de problemas, ejercicios y complementos teóricos.
650 #4 - PUNTO DE ACCESO ADICIONAL DE MATERIA--TÉRMINO DE MATERIA
Término de materia o nombre geográfico como elemento de entrada MATEMATICAS
653 ## - TÉRMINO DE INDIZACIÓN--NO CONTROLADO
Término no controlado ALGEBRA
653 ## - TÉRMINO DE INDIZACIÓN--NO CONTROLADO
Término no controlado FUNCIONES
653 ## - TÉRMINO DE INDIZACIÓN--NO CONTROLADO
Término no controlado GEOMETRIA
653 ## - TÉRMINO DE INDIZACIÓN--NO CONTROLADO
Término no controlado INECUACIONES
700 1# - PUNTO DE ACCESO ADICIONAL--NOMBRE DE PERSONA
Nombre de persona Falsetti, Marcela
700 1# - PUNTO DE ACCESO ADICIONAL--NOMBRE DE PERSONA
Nombre de persona Formica, Alberto
700 1# - PUNTO DE ACCESO ADICIONAL--NOMBRE DE PERSONA
Nombre de persona Rodríguez, Mabel A.
710 2# - PUNTO DE ACCESO ADICIONAL--NOMBRE DE ENTIDAD CORPORATIVA
Nombre de entidad corporativa o nombre de jurisdicción como elemento de entrada Universidad Nacional de General Sarmiento (Buenos Aires)
905 ## - ELEMENTOS DE DATOS E LOCAL, LDE (RLIN)
a 41617
942 ## - ELEMENTOS DE PUNTO DE ACCESO ADICIONAL (KOHA)
Tipo de ítem Koha Libro
Fuente del sistema de clasificación o colocación Dewey Decimal Classification
Existencias
Estado de retiro Estado de pérdida Fuente del sistema de clasificación o colocación Estado dañado No para préstamo Código de colección Localización permanente Ubicación/localización actual Fecha de adquisición Total de préstamos Signatura topográfica completa Código de barras Fecha visto por última vez Precio válido a partir de Tipo de ítem Koha Renovaciones totales Fecha del último préstamo En préstamo
Retirado   Dewey Decimal Classification   No es para préstamo Colección Ediciones UNGS Biblioteca Universidad Nacional de General Sarmiento Biblioteca Universidad Nacional de General Sarmiento 01/02/2021   510.071 1 289mat CUNGS1067 01/02/2021 01/02/2021 Libro      
          Colección Ediciones UNGS Biblioteca Universidad Nacional de General Sarmiento Biblioteca Universidad Nacional de General Sarmiento 01/02/2021   510.071 1 289mat CUNGS230 01/02/2021 01/02/2021 Libro      
          Colección General Biblioteca Universidad Nacional de General Sarmiento Biblioteca Universidad Nacional de General Sarmiento 01/02/2021 5 510.071 1 289mat 00048386 06/08/2024 01/02/2021 Libro 1 28/06/2024  
          Colección General Biblioteca Universidad Nacional de General Sarmiento Biblioteca Universidad Nacional de General Sarmiento 01/02/2021 1 510.071 1 289mat 00048387 05/01/2024 01/02/2021 Libro   05/01/2024 01/12/2018
          Colección General Biblioteca Universidad Nacional de General Sarmiento Biblioteca Universidad Nacional de General Sarmiento 01/02/2021 3 510.071 1 289mat 00048390 06/03/2023 01/02/2021 Libro   01/12/2022  
          Colección General Biblioteca Universidad Nacional de General Sarmiento Biblioteca Universidad Nacional de General Sarmiento 01/02/2021 2 510.071 1 289mat 00048391 17/10/2023 01/02/2021 Libro 2 03/10/2023  
          Colección General Biblioteca Universidad Nacional de General Sarmiento Biblioteca Universidad Nacional de General Sarmiento 01/02/2021 5 510.071 1 289mat 00048392 27/05/2025 01/02/2021 Libro 2 21/05/2025  
          Colección General Biblioteca Universidad Nacional de General Sarmiento Biblioteca Universidad Nacional de General Sarmiento 01/02/2021 5 510.071 1 289mat 00048393 11/05/2026 01/02/2021 Libro 1 11/05/2026 18/05/2026
          Colección General Biblioteca Universidad Nacional de General Sarmiento Biblioteca Universidad Nacional de General Sarmiento 01/02/2021 10 510.071 1 289mat 00048394 13/06/2024 01/02/2021 Libro 4 29/05/2024  
          Colección General Biblioteca Universidad Nacional de General Sarmiento Biblioteca Universidad Nacional de General Sarmiento 01/02/2021   510.071 1 289mat 00048395 01/02/2021 01/02/2021 Libro      
          Colección General Biblioteca Universidad Nacional de General Sarmiento Biblioteca Universidad Nacional de General Sarmiento 01/02/2021   510.071 1 289mat S00048396 01/02/2021 01/02/2021 Lectura en Sala      
    Dewey Decimal Classification     Colección General Biblioteca Universidad Nacional de General Sarmiento Biblioteca Universidad Nacional de General Sarmiento 19/03/2023 8 510.071 1 289mat 00068195 15/04/2026 19/03/2023 Libro 1 04/02/2026